000 00829cam a22002534a 4500
001 13127255
005 20171211043414.0
008 030318s2004 maua b 001 0 eng
010 _a 2003046441
020 _a007246352X
020 _a0071198482
040 _aDLC
_cDLC
_dDLC
_dDLC
041 _aeng
042 _apcc
080 _a681.324 GAR
082 0 0 _a621.3821 GAR
_221
100 1 _a29
101 _aSHK
245 1 0 _aCommunication networks :
_cAlberto Leon-Garcia, Indra Wadjaja.
504 _aIncludes bibliographical references and index.
906 _a7
_bcbc
_corignew
_d1
_eocip
_f20
_gy-gencatlg
942 _2udc
_cBK
999 _c763
_d763